|
|
|
|
| LEADER |
00000nab a2200000ua 4500 |
| 001 |
vtls010771815 |
| 003 |
SK-MaSNL |
| 005 |
20260303151752.0 |
| 008 |
230222s1970 xo |||||||||||||||||slo| |
| 035 |
|
|
|a (urnnbn)urn:nbn:sk:snk:ar-a03wdr
|
| 035 |
|
|
|a (uuid)c01f0739-3e71-4021-a46d-e3469dc17f13
|
| 035 |
|
|
|a urn:nbn:sk:snk-ab5fvz
|
| 040 |
|
|
|a SNKBUCL
|b slo
|c SNKBUCL
|e AACR2
|
| 041 |
0 |
|
|a slo
|
| 044 |
|
|
|a xo
|c SK
|
| 100 |
1 |
|
|a Koštiaľ, Ján
|4 aut
|9 5361
|
| 245 |
1 |
0 |
|a Proces redigovania CHARVÁT JURAJ
|c Ján Koštiaľ
|
| 773 |
0 |
|
|t Otázky žurnalistiky : revue pre výskum masových komunikačných prostriedkov
|g Roč. 12, č. 4 (1970), s. 76
|
| 954 |
|
|
|a odborná, vedecká literatúra pôvodná (slovenská)
|2 lita
|
| 958 |
|
|
|a OND
|
| 958 |
|
|
|a EUIPO
|
| 958 |
|
|
|a article3
|
| 999 |
|
|
|c 2019439
|d 2021369
|